000 00566 a2200205 4500
005 20260513105725.0
008 260513b |||||||| |||| 00| 0 eng d
020 _a9788170770169
_cRs. 175.00
040 _aMAIN
082 _a294.1
_bS13V
100 _aSiddhantalankar, Satyavrat
245 _aVedic sanskriti ka sandesh
260 _aDelhi
_bVijaykumar Govindram Hasanand
_c2021
300 _aviii, 334
650 _aVedic Culture
650 _aHindu Civilization
650 _aHinduism and Cultue
650 _aVedic Literature-Philosophy
942 _cBK
999 _c397035
_d397035